| 000 | 00376nam a2200169Ia 4500 | ||
|---|---|---|---|
| 008 | 210210b1945 xxu||||| |||| 00| 0 eng d | ||
| 041 | _aeng | ||
| 082 | _a920/97 | ||
| 100 | _aVIELHORSKI (W) | ||
| 245 | _aPolish eastern provinces | ||
| 260 |
_aBombay _b- _c1945 |
||
| 650 | _aprovinces | ||
| 650 | _aPolish | ||
| 650 | _aeastern | ||
| 690 | _aHistory | ||
| 906 | _a024839 | ||
| 999 |
_c150459 _d150459 |
||